Historia de la filosofía Griega

Gorde:
Xehetasun bibliografikoak
Egile nagusia: Capelle, Wilhelm
Formatua: Liburua
Hizkuntza:Spanish
Argitaratua: Madrid, España Gredos 1976
Gaiak:
Etiketak: Etiketa erantsi
Etiketarik gabe, Izan zaitez lehena erregistro honi etiketa jartzen!

MARC

LEADER 00000nam a2200000Ia 4500
008 170316s9999 xx 000 0 spa d
040 |a cru BVZT 
090 |a H-100 C-1h 
100 |a Capelle, Wilhelm 
245 |a Historia de la filosofía Griega  |c Wilhelm Capelle 
260 |a Madrid, España 
260 |b Gredos 
260 |c 1976 
300 |a 577 páginas 
650 |a FILOSOFÍA  |9 5 
650 |a HISTORIA  |9 90 
999 |c 28874  |d 28874 
942 |c 4 D  |h H-100 C-1h  |2 z